000
00253nam a2200097Ia 4500
001
801441
005
20250826171037.0
008
250824s9999 xx 000 0 und d
245
0
_a
SERMAYEM YOK DERDİMDEN BAŞKA
_c
SERDAR TUNCER
260
_b
KETEBE YAYINLARI
999
_c
801441
_d
801441